• 首页
  • 本馆介绍
  • 公告通知
  • 最新文献
  • 馆藏检索
  • 电子资源
  • 读者导购
  • 参考咨询
  • 我的图书馆
  • 登录
  • 详细信息显示
  • 放入我的书架
  • 预约/预借图书
  • 作者相关作品
  • 分类相关作品
  • 丛书相关作品
  • 出版社相关作品

书目信息

  • 表格格式
  • 工作单格式
  • 卡片格式
题名:
古代思想文化的世界
    
 
作者: 陈来 著
分册:  
出版信息: 北京   生活·读书·新知三联书店  2009
页数: 418页
开本: 21cm
丛书名:
单 册:
中图分类: B220.5 , K225.03
科图分类:
主题词: 思想史--研究--中国--春秋时代 , 文化史--研究--中国--春秋时代 , 思想史 , 文化史
电子资源:
ISBN: 978-7-108-03071-9
000 00952nam0 2200289 45
001 1050705547
005 20100415103957.37
010    @a978-7-108-03071-9@dCNY32.00
100    @a20100408d2009 ekmy0chiy0120 ea
101 0  @achi
102    @aCN@b110000
105    @ay z 000yy
106    @ar
200 1  @a古代思想文化的世界@AGu Dai Si Xiang Wen Hua De Shi Jie@e春秋时代的宗教、伦理与社会思想@EChun Qiu Shi Dai De Zong Jiao、 Lun Li Yu She Hui Si Xiang@f陈来著@FChen Lai Zhu
210    @a北京@c生活·读书·新知三联书店@d2009
215    @a418页@d21cm
300    @a陈来学术论著集
330    @a本书共分十章,主要内容包括占筮、星象、天道、鬼神、祭祀等内容。
606 0  @a思想史@x研究@y中国@z春秋时代
606 0  @a文化史@x研究@y中国@z春秋时代
606 0  @a思想史
606 0  @a文化史
690    @aB220.5@v4
690    @aK225.03@v4
701  0 @a陈来@AChen Lai@4著
801  0 @aCN@bTANGWEI@c20100415
905    @b0589692-96@dB220.5@e364@f5
    
    古代思想文化的世界:春秋时代的宗教、伦理与社会思想/陈来著.-北京:生活·读书·新知三联书店,2009
    418页;21cm
    陈来学术论著集
    
    ISBN 978-7-108-03071-9:CNY32.00
    本书共分十章,主要内容包括占筮、星象、天道、鬼神、祭祀等内容。
●
相关链接 在E读中查询图书 在五车中查询图书 在当当中查询图书 在豆瓣中查询图书


正题名:古代思想文化的世界     索取号:B220.5/364         预约/预借

序号 登录号 条形码 馆藏地/架位号 状态 备注
1 0589692   205896921   第一样本阅览室/ [索取号:B220.5/364] 在馆    
2 0589693   205896930   教育系资料室/ [索取号:B220.5/364] 在馆    
3 0589694   205896949   第一借阅区/ [索取号:B220.5/364] 在馆    
4 0589695   205896958   第一借阅区/ [索取号:B220.5/364] 在馆    
5 0589696   205896967   教育系资料室/ [索取号:B220.5/364] 在馆    
唐山师范学院图书馆 欢迎您!
大连网信软件有限公司© 版权所有